Statistics for Top 50 Greatest Economies - With Exceptions

Click here to take the quiz!

General Stats

  • This quiz has been taken 65 times
  • The average score is 34 of 50

Answer Stats

GDPCountry% Correct
321,2 BFinland
85%
406,1 BPortugal
83%
940,5 BColombia
81%
423,7 BNorway
81%
715,6 BRomania
81%
378,6 BGreece
79%
634,5 BIreland
79%
301,2 BQatar
79%
674,2 BSweden
79%
739,4 BSwitzerland
77%
779,2 BUnited Arab Emirates
77%
582,1 BChile
75%
331,5 BMorocco
75%
522,1 BPeru
75%
936,4 BSouth Africa
75%
568,3 BAustria
73%
707,7 BBelgium
73%
185,4 BBulgaria
73%
257,7 BNew Zealand
73%
419,6 BDenmark
71%
478,0 BIsrael
71%
245,1 BKuwait
71%
165,9 BOman
71%
211,1 BSlovakia
71%
516,3 BUkraine
71%
163,5 BVenezuela
71%
586,1 BAlgeria
69%
509,9 BCzech Republic
69%
345,1 BEthiopia
69%
158,1 BSerbia
67%
512,9 BIraq
65%
590,3 BKazakhstan
65%
399,2 BHungary
63%
326,0 BUzbekistan
63%
201,7 BBelarus
62%
242,2 BEcuador
62%
308,6 BKenya
62%
207,3 BSudan
62%
160,8 BPanama
58%
701,8 BSingapore
58%
206,5 BTanzania
58%
199,5 BGuatemala
56%
228,9 BAngola
54%
216,6 BGhana
54%
145,9 BTunisia
54%
260,1 BDominican Republic
52%
340,8 BSri Lanka
52%
149,1 BCuba
50%
254,9 BMyanmar
50%
177,6 BAzerbaijan
42%

Score Distribution

Percentile by Number Answered

Percent of People with Each Score

Your Score History

You have not taken this quiz